Los regímenes cambiarios en Costa Rica: evolución histórica y evaluación de algunas alternativas teóricas /
Se indica que la política cambiaria costarricense de 1950-1981, se caracterizó por tener un tipo de cambio fijo, para mantener éste régimen fue necesario mantener un "stock" de divisas adecuado, esto fue posible gracias a la utilización de las divisas generada por el incremento de los prec...
Guardado en:
| Hovedforfatter: | |
|---|---|
| Format: | Texto |
| Fag: | |
| Tags: |
Tilføj Tag
Ingen Tags, Vær først til at tagge denne postø!
|
MARC
| LEADER | 00000 a a2200000 04500 | ||
|---|---|---|---|
| 001 | 5491 | ||
| 003 | |||
| 040 | |||
| 100 | |a Saborío Muñoz, Gabriela | ||
| 245 | |a Los regímenes cambiarios en Costa Rica: |b evolución histórica y evaluación de algunas alternativas teóricas / |c Gabriela Saborío Muñoz | ||
| 520 | |a Se indica que la política cambiaria costarricense de 1950-1981, se caracterizó por tener un tipo de cambio fijo, para mantener éste régimen fue necesario mantener un "stock" de divisas adecuado, esto fue posible gracias a la utilización de las divisas generada por el incremento de los precios internacionales de productos de exportación como el café y el banano y cuando esto no se dio se acudió al crédito externo y a la inversión directa externa. Estas políticas estaban muy de acuerdo con los organismos financieros internacionales que pomovían la rigedez de tipos de cambios nominales, a expceción en los casos en donde existieran desequilibrios fundamentales en la balanza de pagos, concepto que se definió claramente. Para inicios de la década de 1980, se agotaron los recursos y las reservas internacionales, esto como consecuencia del entorno económico internacional, esto llevó a que se aplicará el ajuste en Costa Rica, pero de una manera desordenada y con un alto costo social para las grandes mayorías. Luego de la estabilización, se inicio una política cambiaria de minidevualuaciones, con la finalidad de acercar el tipo de cambio nominal a un tipo de cambio de equilibrio, lo cual iba de acuerdo con la nueva política de promoción de las exportaciones no tradicionales a terceros mercados. LOB/LOB | ||
| 650 | |a TIPO DE CAMBIO | ||
| 650 | |a ASPECTOS ECONOMICOS | ||
| 650 | |a INDICADORES ECONOMICOS | ||
| 650 | |a PAISES EN DESARROLLO | ||
| 650 | |a MCCA | ||
| 650 | |a ESTRATEGIA DEL DESARROLLO | ||
| 773 | |g volumen 1, número 4; páginas 99-114 | ||
| 999 | |c 39598 |d 39598 | ||
